00000000nam 2200000zi 4500
0019.952197
003CaOODSP
00520250821082136
006m     o  d f      
007cr cn|||||||||
008250610e202507##mbcbdo  ob   f000 0 eng d
020 |a9780660777870
040 |aCaOODSP|beng|erda|cCaOODSP
043 |an-cn-on
0861 |aFs70-6/2025-033E-PDF
24500|aRecovery potential assessment for kidneyshell (Ptychobranchus fasciolaris).
24617|aKidneyshell RPA
264 1|aWinnipeg, Manitoba : |bCanadian Science Advisory Secretariat : |bFisheries and Oceans Canada, Ontario and Prairie Region, Center for Science Advice, |cJuly 2025.
264 4|c©2025
300 |a1 online resource (26 pages) : |bmaps, graphs, photographs.
336 |atext|btxt|2rdacontent
337 |acomputer|bc|2rdamedia
338 |aonline resource|bcr|2rdacarrier
4901 |aScience advisory report, |x1919-5087 ; |v2025/033
500 |aCaption title.
500 |aIssued also in French under title: Évaluation du potentiel de rétablissment du ptychobranche réniforme (Ptychobranchus fasciolaris).
504 |aIncludes bibliographical references (pages 22-25).
520 |a"Kidneyshell (Ptychobranchus fasciolaris) is a medium-sized, relatively long-lived freshwater mussel currently found in two watersheds in southwestern Ontario. It was assessed as Endangered by the Committee on the Status of Endangered Wildlife in Canada (COSEWIC) in May 2003, and the status was re-assessed and confirmed in May 2013. This was due to a considerable loss in the species historical range from impacts of Zebra Mussel (Dreissena polymorpha) and agricultural land use practices. Kidneyshell was listed on schedule 1 of the Species at Risk Act (SARA) in 2005"--Context, page [1].
650 0|aKidneyshell|xConservation|zOntario.
650 0|aWildlife recovery|zOntario.
7102 |aCanadian Science Advisory Secretariat, |eissuing body.
7101 |aCanada. |bDepartment of Fisheries and Oceans. |bOntario and Prairie Region, |eissuing body.
77508|tÉvaluation du potentiel de rétablissment du ptychobranche réniforme (Ptychobranchus fasciolaris).|w(CaOODSP)9.952198
830#0|aScience advisory report (Canadian Science Advisory Secretariat)|x1919-5087 ; |v2025/033.|w(CaOODSP)9.506226
85640|qPDF|s960 KB|uhttps://publications.gc.ca/collections/collection_2025/mpo-dfo/fs70-6/Fs70-6-2025-033-eng.pdf